000 00844nac a22002657a 4500
001 BR8005567
003 BR-BrBNA
005 20240105114805.0
008 230509b bl.|||m| |||| 00| 0 por d
040 _aBR-BrBNA
_bpor
_cBiblioteca Nacional de Agricultura
072 _aF24; F23
090 _aF24 BR8005567
100 1 _aColtrinari, L.
110 1 _aUniversidade de Sao Paulo, Sao Paulo (Brasil). Inst. de Geografia
_910547
245 1 _aLevantamento de vertentes em Barueri, Sao Paulo [Brasil]
260 3 _aSao Paulo, SP (Brasil):
_c1980.
300 _a13 p.
490 _aGeomorfologia - Universidade de Sao Paulo. Inst. de Geografia (Brazil)
_vno. 58
_x
500 _a7 ref.
650 _aSOLO
650 _aPERFIL DO SOLO
650 _aSAO PAULO
909 _a202312
_bLúcia Elande
_c55
_dLúcia Elande
942 _2AGRIS
_n0
_cMS
999 _c271303
_d271303